| 000 | 00709nam a2200253 i 4500 | ||
|---|---|---|---|
| 001 | 000019759 | ||
| 003 | DO-SdBNP | ||
| 005 | 20230727114622.0 | ||
| 007 | ta | ||
| 008 | 100705s2019 dr a r 000 f spa d | ||
| 040 |
_aDO-SdBNP _bspa _cBNPHU _erda |
||
| 082 |
_bQ71 _222 |
||
| 245 | 1 | 0 |
_aQuincuagésima sexta graduación ordinaria : _bprograma |
| 246 |
_a56 graduación ordinaria : _bprograma |
||
| 264 |
_aSanto Domingo : _bEdiciones UAPA , _c2019 . |
||
| 300 |
_a59 paginas ; _c22 cm. |
||
| 336 |
_2rdacontent _atexto _btxt |
||
| 337 |
_2rdamedia _asin mediación _bn |
||
| 338 |
_2rdacarrier _avolumen _bnc |
||
| 590 | _aInventariado, 2023 / DG | ||
| 650 | _99038 | ||
| 910 | _aDG | ||
| 942 |
_2ddc _cLBS1 |
||
| 999 |
_c54250 _d54250 |
||